[Event "POL-chT3"]
[Site "Jastrzebia Gora POL"]
[Date "2016.09.09"]
[Round "7.62"]
[White "Fudalej, Michal"]
[Black "Tustanowski, Robert"]
[Result "1/2-1/2"]
[WhiteElo "2211"]
[BlackElo "2211"]
[EventDate "2016.09.02"]

1.Nf3 c5 2.c4 Nc6 3.Nc3 g6 4.g3 Bg7 5.Bg2 d6 6.O-O e5 7.Ne1 Nge7 8.Nc2 O-O
9.Ne3 a6 10.Ned5 Nxd5 11.Nxd5 Rb8 12.a4 b5 13.axb5 axb5 14.cxb5 Rxb5 15.
Ra8 Ra5 16.Rxa5 Qxa5 17.d3 Be6 18.Bd2 Qa7 19.Bc3 Kh8 20.Qa1 Ra8 21.Qxa7 
Rxa7 22.Rb1 h5 23.b4 cxb4 24.Nxb4 Nxb4 25.Bxb4 d5 26.Bc5 Ra2 27.Bf3 Rc2 
28.Bd6 e4 29.dxe4 dxe4 30.Bxe4 Rxe2 31.Bf3 1/2-1/2

[Event "POL-chT3"]
[Site "Jastrzebia Gora POL"]
[Date "2016.09.09"]
[Round "7.63"]
[White "Siekaniec, Jan"]
[Black "Rzepka, Krzysztof"]
[Result "1/2-1/2"]
[WhiteElo "2076"]
[BlackElo "2136"]
[EventDate "2016.09.02"]

1.e4 c5 2.Nf3 d6 3.d4 cxd4 4.Nxd4 Nf6 5.Nc3 a6 6.Be2 e6 7.O-O Be7 8.a4 O-O
9.Be3 Qc7 10.Kh1 Nc6 11.f4 Bd7 12.Qe1 Rfe8 13.Qg3 Bf8 14.Rae1 Rac8 15.Bf3 
Nb4 16.Bd1 Kh8 17.Bg1 Nc6 18.Rf3 Qa5 19.Nxc6 Bxc6 20.Qg5 Qb4 21.Qh4 Be7 
22.Rh3 h6 23.e5 dxe5 24.fxe5 Qxh4 25.Rxh4 Nd5 26.Rg4 Nxc3 27.bxc3 g5 28.
Rf1 Kg7 29.Bb6 Bd5 30.Rg3 Rc4 31.a5 f5 32.Bd4 Ra4 33.h4 Rxa5 34.Be2 Ra4 
35.Kg1 Bc4 36.Bd3 Rf8 37.hxg5 hxg5 38.Rb1 b5 39.Bxc4 Rxc4 40.Ra1 Rc6 41.
Kf2 f4 42.Rh3 Kg6 43.Kf3 Bc5 44.Ke4 Rd8 45.Rah1 Bf8 46.Rh8 Rcc8 47.Ra1 Kg7
48.Rh5 Kg6 49.Rh8 1/2-1/2

[Event "POL-chT3"]
[Site "Jastrzebia Gora POL"]
[Date "2016.09.09"]
[Round "7.64"]
[White "Fudalej, Grzegorz"]
[Black "Wrobel, Maciej"]
[Result "1-0"]
[WhiteElo "2137"]
[BlackElo "2046"]
[EventDate "2016.09.02"]

1.e4 e5 2.Nf3 Nc6 3.g3 Nf6 4.d3 Bc5 5.Bg2 O-O 6.Nc3 d6 7.Bg5 h6 8.Be3 Bxe3
9.fxe3 Be6 10.Nh4 d5 11.exd5 Nxd5 12.Bxd5 Bxd5 13.e4 Be6 14.Nf5 Bxf5 15.
exf5 Nd4 16.Rf1 Qg5 17.Qd2 Qh5 18.Qf2 g6 19.Ne4 Qxf5 20.Qd2 Nf3+ 21.Rxf3 
Qxf3 22.Qxh6 Rad8 23.g4 Rfe8 24.Ng5 Qf6 25.O-O-O Qg7 26.Qh4 f6 27.Ne4 Re6 
28.g5 f5 29.Nf6+ Rxf6 30.gxf6 g5 31.Rg1 gxh4 32.Rxg7+ Kf8 33.Rxc7 Rd6 34.
Rxb7 Rxf6 35.Rxa7 f4 36.Kd2 f3 37.Ke1 Rc6 38.c3 Ke8 39.Ra4 Rd6 40.Rxh4 
Rxd3 41.Re4 Rd5 42.Re3 1-0

[Event "POL-chT3"]
[Site "Jastrzebia Gora POL"]
[Date "2016.09.09"]
[Round "7.65"]
[White "Tustanowski, Mateusz"]
[Black "Piotrowski, Przemyslaw"]
[Result "0-1"]
[WhiteElo "1921"]
[BlackElo "2252"]
[EventDate "2016.09.02"]

1.e4 c5 2.Nc3 Nc6 3.f4 g6 4.Nf3 Bg7 5.g3 e6 6.Bg2 d5 7.d3 Nge7 8.O-O O-O 
9.Ne2 b6 10.g4 f5 11.gxf5 exf5 12.e5 d4 13.c4 Bb7 14.h4 Qd7 15.h5 Nd8 16.
Qe1 Ne6 17.Qh4 gxh5 18.Kf2 Ng6 19.Qxh5 Qf7 20.Rh1 h6 21.Bd2 Rac8 22.Rag1 
Ne7 23.Qh2 Be4 24.Ne1 Bxg2 25.Kxg2 Kh8 26.Qg3 Rc6 27.Nf3 Rg8 0-1

[Event "POL-chT3"]
[Site "Jastrzebia Gora POL"]
[Date "2016.09.09"]
[Round "7.66"]
[White "Dadello, Aleksandra"]
[Black "Buksa, Ewelina"]
[Result "1-0"]
[WhiteElo "2005"]
[BlackElo "1684"]
[EventDate "2016.09.02"]

1.e4 e5 2.Nf3 Nc6 3.Bc4 Bc5 4.c3 Nf6 5.d4 exd4 6.e5 d5 7.Bb5 Ne4 8.cxd4 
Bb4+ 9.Bd2 Nxd2 10.Bxc6+ bxc6 11.Nbxd2 O-O 12.Qc2 Bd7 13.O-O Qe7 14.Nb3 
Qe6 15.a3 Be7 16.Rac1 Rfb8 17.Na5 Rb6 18.b4 Rab8 19.Nd2 Qg4 20.Ndb3 Bg5 
21.Rcd1 Bf4 22.Nc5 Be8 23.Qc3 h5 24.Nab3 h4 25.Kh1 Bh6 26.h3 Qf5 27.f4 
Bxf4 28.Nd3 g5 29.Nxf4 gxf4 30.Qd2 c5 31.Rxf4 Qg5 32.Rg4 Qxg4 33.hxg4 cxb4
34.Qg5+ Kh7 35.Rf1 1-0

[Event "POL-chT3"]
[Site "Jastrzebia Gora POL"]
[Date "2016.09.09"]
[Round "7.67"]
[White "Tomaszewski, Kacper"]
[Black "Brzezinski, Mateusz"]
[Result "1-0"]
[WhiteElo "2185"]
[BlackElo "2144"]
[EventDate "2016.09.02"]

1.d4 Nf6 2.c4 g6 3.Nc3 Bg7 4.e4 d6 5.Nf3 O-O 6.Be2 Nc6 7.O-O e5 8.d5 Ne7 
9.a4 Nd7 10.a5 a6 11.b4 f5 12.Nd2 Nf6 13.f3 Bh6 14.Kh1 Rf7 15.c5 Nh5 16.
Nc4 Bxc1 17.Rxc1 f4 18.Qe1 Kg7 19.b5 Ng8 20.b6 Qg5 21.bxc7 Ng3+ 22.Kg1 
Rxc7 23.cxd6 Rf7 24.Nb6 Nxf1 25.Bxf1 Rb8 26.Nca4 Qd8 27.Qc3 Bd7 28.Nc5 Kf6
29.Nc4 Qe8 30.Ne6 g5 31.Qxe5+ 1-0

[Event "POL-chT3"]
[Site "Jastrzebia Gora POL"]
[Date "2016.09.09"]
[Round "7.68"]
[White "Kujawski, Adam"]
[Black "Smolka, Marcin"]
[Result "1-0"]
[WhiteElo "2296"]
[BlackElo "2184"]
[EventDate "2016.09.02"]

1.e4 e5 2.Nf3 Nc6 3.Nc3 Nf6 4.Bb5 Nd4 5.Bc4 Bc5 6.Nxe5 O-O 7.O-O d6 8.Nf3 
Bg4 9.Be2 Nxe2+ 10.Qxe2 Re8 11.d3 Nd7 12.h3 Bh5 13.g4 Bg6 14.Bg5 f6 15.Be3
Bxe3 16.fxe3 c6 17.Rae1 b5 18.Qd2 Qb6 19.Nd4 Ne5 20.Nce2 c5 21.Nf5 Bxf5 
22.gxf5 Kf7 23.Nf4 Rg8 24.Kh1 Qa6 25.b3 g5 26.fxg6+ hxg6 27.Nd5 Rh8 28.Qg2
Kg7 29.d4 Nd7 30.Rf3 Qb7 31.Rg1 Rh6 32.Rg3 Nf8 33.Nxf6 cxd4 34.exd4 Qe7 
35.Ng4 Rh4 36.Ne3 Qxe4 37.Qxe4 Rxe4 38.Nf5+ Kf6 39.Nxd6 Rxd4 40.Nxb5 Rd2 
41.Rf1+ Kg7 42.Rg2 Rad8 43.Nxa7 Rxg2 44.Kxg2 Ra8 45.Nb5 Rxa2 46.Nd4 Nd7 
47.Kf3 g5 48.Ke4 Kg6 49.b4 Nf6+ 50.Ke5 Nd7+ 51.Ke6 1-0

[Event "POL-chT3"]
[Site "Jastrzebia Gora POL"]
[Date "2016.09.09"]
[Round "7.70"]
[White "Kulczyk, Pawel"]
[Black "Klementowski, Dawid"]
[Result "1/2-1/2"]
[WhiteElo "2095"]
[BlackElo "1928"]
[EventDate "2016.09.02"]

1.d4 Nf6 2.c4 e6 3.Nc3 Bb4 4.Qc2 d5 5.a3 Bxc3+ 6.Qxc3 O-O 7.Bg5 h6 8.Bh4 
b6 9.cxd5 exd5 10.e3 c6 11.Nf3 Bb7 12.Ne5 Qd6 13.Bd3 Nfd7 14.Bg3 Nxe5 15.
Bxe5 Qe7 16.O-O Nd7 17.Bg3 Rac8 18.Rac1 Qe6 19.Bb1 Nf6 20.Qd3 g6 21.Bf4 
Kh7 22.Be5 Nd7 23.f4 f5 24.Rc3 Nf6 25.Qe2 Rfe8 26.Rfc1 Nd7 27.b4 Red8 28.
a4 Re8 29.Bd3 Nxe5 30.fxe5 Ba8 31.Ba6 Rc7 32.Bd3 Rec8 33.Ba6 Re8 34.Bb5 
Rec8 35.Ba6 Re8 1/2-1/2

[Event "POL-chT3"]
[Site "Jastrzebia Gora POL"]
[Date "2016.09.09"]
[Round "7.71"]
[White "Cieslak, Patrycjusz"]
[Black "Mazalon, Mariusz"]
[Result "1/2-1/2"]
[WhiteElo "1919"]
[BlackElo "2063"]
[EventDate "2016.09.02"]

1.d4 Nf6 2.Nc3 c5 3.d5 d6 4.e4 g6 5.f4 Bg7 6.Nf3 O-O 7.Bd3 Na6 8.a3 Nc7 9.
Qe2 a6 10.a4 Rb8 11.a5 b5 12.axb6 Rxb6 13.O-O Nb5 14.Bd2 Bg4 15.Nxb5 axb5 
16.Ba5 c4 17.Qe3 Nd7 18.Bxb6 Nxb6 19.Be2 Bxf3 20.gxf3 Bxb2 21.Ra2 Bg7 22.
Rb1 Na4 23.Ra3 Qa5 24.e5 Rd8 25.exd6 exd6 26.Qe7 Qb6+ 27.Kg2 Nc3 28.Rxc3 
Bxc3 29.Rxb5 Qxb5 30.Qxd8+ Kg7 31.Qxd6 Qb2 32.Qc5 Qxc2 33.Qxc4 Qb2 34.Qe4 
Qb6 35.Qe7 Bf6 36.Qe4 Qc5 37.f5 Qd6 38.fxg6 hxg6 39.h4 Bd8 40.Bd3 1/2-1/2

[Event "POL-chT3"]
[Site "Jastrzebia Gora POL"]
[Date "2016.09.09"]
[Round "7.72"]
[White "Mackiewicz, Anna"]
[Black "Dziodzio, Angelika"]
[Result "1-0"]
[WhiteElo "1943"]
[BlackElo "2064"]
[EventDate "2016.09.02"]

1.d4 Nf6 2.c4 e5 3.dxe5 Ng4 4.Bf4 g5 5.Bg3 Nc6 6.Nf3 Qe7 7.Nc3 Qb4 8.Qb3 
Bg7 9.Qxb4 Nxb4 10.O-O-O Nc6 11.Nd5 O-O 12.Nxc7 Rb8 13.e3 h6 14.h3 Ngxe5 
15.Nxe5 Nxe5 16.h4 b6 17.hxg5 hxg5 18.Nd5 Re8 19.f4 gxf4 20.exf4 Ng4 21.f5
Rb7 22.Bd3 f6 23.Rde1 Rxe1+ 24.Rxe1 Ne5 25.Bxe5 fxe5 26.Ne7+ Kf7 27.Nxc8 
Bf8 28.Rxe5 Rc7 29.Nxa7 Rxa7 30.a3 Bg7 31.Re2 Rc7 32.Kb1 Rc8 33.g4 Kf6 34.
g5+ Kxg5 35.Rg2+ Kf6 36.Rg6+ 1-0

[Event "POL-chT3"]
[Site "Jastrzebia Gora POL"]
[Date "2016.09.09"]
[Round "7.73"]
[White "Zakrzewski, Marek"]
[Black "Paprocki, Jaroslaw"]
[Result "0-1"]
[WhiteElo "2233"]
[BlackElo "2195"]
[EventDate "2016.09.02"]

1.e4 e5 2.Nf3 Nc6 3.d4 exd4 4.Nxd4 Nf6 5.Nxc6 bxc6 6.e5 Qe7 7.Qe2 Nd5 8.c4
Ba6 9.Nd2 Nb4 10.Nf3 c5 11.b3 Qe6 12.a3 Nc6 13.Bb2 Be7 14.Qe3 Rb8 15.Be2 
O-O 16.O-O f6 17.Rab1 fxe5 18.Nxe5 Nxe5 19.Qxe5 Qxe5 20.Bxe5 d6 21.Bg3 Bc8
22.Bd3 Bf6 23.b4 Bd4 24.Rfe1 Bf5 25.Bxf5 Rxf5 26.Re7 Rf7 27.Rxf7 Kxf7 28.
Kf1 Bc3 29.b5 Re8 30.f3 Re3 31.Rb3 d5 32.Bf2 dxc4 33.Rb1 Rd3 34.Bxc5 Bd2 
35.Ke2 Bf4 36.Rb4 Rd2+ 37.Ke1 Rc2 38.Kd1 Rd2+ 39.Ke1 Rc2 40.g3 Bd2+ 41.Kd1
Bxb4 42.Bxb4 Rxh2 43.Bc5 Rb2 44.Bxa7 Rxb5 45.Bd4 c5 46.Be5 Rb3 47.a4 Ra3 
0-1

[Event "POL-chT3"]
[Site "Jastrzebia Gora POL"]
[Date "2016.09.09"]
[Round "7.74"]
[White "Zebracki, Tomasz"]
[Black "Niekras, Dawid"]
[Result "1-0"]
[WhiteElo "2196"]
[BlackElo "2326"]
[EventDate "2016.09.02"]

1.b3 e5 2.Bb2 Nc6 3.e3 d5 4.Bb5 Bd6 5.f4 Qh4+ 6.g3 Qe7 7.Nf3 f6 8.fxe5 
fxe5 9.Bxc6+ bxc6 10.Nxe5 Nf6 11.Nxc6 Qe4 12.O-O Bh3 13.Rf2 O-O 14.Bxf6 
Rxf6 15.Nc3 Qe8 16.Rxf6 gxf6 17.Nd4 c5 18.Ndb5 Be5 19.Qf3 d4 20.exd4 cxd4 
21.Nd1 Rc8 22.Na3 Bd7 23.Nf2 d3 24.c3 Bc6 25.Qxd3 Ba8 26.Qf1 Kh8 27.Nc4 
Qc6 28.Re1 Rg8 29.Nxe5 fxe5 30.Ne4 Kg7 31.Qc4 Qxc4 32.bxc4 Rb8 33.Kf2 Rb2 
34.Ke3 Rxa2 35.d4 exd4+ 36.cxd4 a5 37.d5 a4 38.Rb1 a3 39.Rb8 Ra1 40.Rxa8 
a2 41.Ke2 Rh1 42.Rxa2 Rxh2+ 43.Nf2 1-0

[Event "POL-chT3"]
[Site "Jastrzebia Gora POL"]
[Date "2016.09.09"]
[Round "7.75"]
[White "Bernat, Marcin"]
[Black "Ciemniak, Krzysztof"]
[Result "1-0"]
[WhiteElo "2068"]
[BlackElo "2000"]
[EventDate "2016.09.02"]

1.d4 d5 2.c4 c6 3.Nc3 Nf6 4.e3 g6 5.Nf3 Bg7 6.Bd3 O-O 7.O-O Bg4 8.h3 Bxf3 
9.Qxf3 e6 10.Qd1 Nbd7 11.cxd5 exd5 12.Bd2 Qe7 13.Qb3 b6 14.Rac1 Qe6 15.
Rfe1 c5 16.Ba6 Rab8 17.Bb5 Rfd8 18.e4 cxd4 19.Nxd5 Nxe4 20.Rxe4 Qxe4 21.
Re1 Nc5 22.Rxe4 Nxb3 23.Ne7+ Kh8 24.axb3 a6 25.Bxa6 Ra8 26.Bc4 Ra1+ 27.Kh2
f5 28.Re6 Rb1 29.Nc6 Ra8 30.Bf4 h6 31.Nb8 Kh7 32.Re7 1-0

[Event "POL-chT3"]
[Site "Jastrzebia Gora POL"]
[Date "2016.09.09"]
[Round "7.76"]
[White "Wisniewski, Przemyslaw"]
[Black "Hemmerling, Jaroslaw"]
[Result "0-1"]
[WhiteElo "1970"]
[BlackElo "1903"]
[EventDate "2016.09.02"]

1.Nf3 c5 2.b3 Nc6 3.Bb2 d6 4.e4 e5 5.Bb5 Nf6 6.Bxc6+ bxc6 7.d3 Be7 8.O-O 
O-O 9.h3 Qc7 10.Nbd2 h6 11.Re1 Be6 12.Nf1 Nd7 13.Ng3 f5 14.exf5 Bxf5 15.d4
cxd4 16.Nxd4 exd4 17.Rxe7 Qd8 18.Nxf5 Rxf5 19.Re2 c5 20.c3 dxc3 21.Bxc3 
Nb6 22.Qd3 Qf8 23.Rae1 Nd5 24.Qc4 Kh8 25.Bd2 Qf7 26.Qa6 Rf8 27.Rf1 Rf6 28.
Qc6 Rg6 29.f4 Qf5 30.Re8 Rxe8 31.Qxe8+ Kh7 32.Kh2 Qd3 33.Rf2 Qg3+ 34.Kg1 
Nf6 35.Qf7 Ne4 36.Re2 Nxd2 37.f5 Nf3+ 38.Kf1 Rf6 39.Qd7 Nd4 40.Rf2 Qd3+ 
41.Kg1 Qe3 42.g4 Qg3+ 43.Kf1 0-1

[Event "POL-chT3"]
[Site "Jastrzebia Gora POL"]
[Date "2016.09.09"]
[Round "7.77"]
[White "Rozumek, Krzysztof"]
[Black "Zebracki, Jaroslaw"]
[Result "0-1"]
[WhiteElo "2010"]
[BlackElo "1841"]
[EventDate "2016.09.02"]

1.h3 e5 2.c3 c5 3.d4 cxd4 4.cxd4 exd4 5.Qxd4 Nc6 6.Qd1 Nf6 7.e3 d5 8.Nf3 
Ne4 9.a3 Bc5 10.b4 Bb6 11.Bb2 O-O 12.Nbd2 Qe7 13.Be2 Nxf2 14.Qc2 Nxh1 15.
Nf1 Bd7 16.Bd3 Bxe3 17.Bxh7+ Kh8 18.Bd3 Nd4 19.Nxd4 Bxd4+ 20.Kd1 Nf2+ 21.
Kd2 Qg5+ 22.Ke2 Rfe8+ 23.Kf3 Bg4+ 0-1

[Event "POL-chT3"]
[Site "Jastrzebia Gora POL"]
[Date "2016.09.09"]
[Round "7.78"]
[White "Paprocka, Renata"]
[Black "Debowiak, Arleta"]
[Result "1/2-1/2"]
[WhiteElo "1973"]
[BlackElo "1845"]
[EventDate "2016.09.02"]

1.d4 d6 2.Nf3 g6 3.c4 Nf6 4.Nc3 Bg7 5.e4 O-O 6.Be2 e5 7.dxe5 dxe5 8.Qxd8 
Rxd8 9.Nd5 Nxd5 10.cxd5 c6 11.Bc4 b5 12.Bb3 Bb7 13.Bg5 Rd7 14.Rc1 cxd5 15.
Bxd5 Na6 16.Bxb7 Rxb7 17.Ke2 f6 18.Bd2 Nc7 19.Rc6 Kf7 20.Rhc1 Ne6 21.Ra6 
Bf8 22.Be3 Be7 23.Ne1 Rd8 24.a3 Rdd7 25.f3 b4 26.a4 Nd4+ 27.Kf2 Bd8 28.Rc8
Bb6 29.a5 Bd8 30.Nd3 Nb3 31.Ke2 Bxa5 32.Nc5 Nxc5 33.Rxa5 Nd3 34.b3 Nf4+ 
35.Bxf4 exf4 36.Ra4 Rd4 37.Ra8 Rbd7 38.Ra2 g5 39.R8xa7 Ke6 40.R2a6+ Ke5 
41.Ra5+ Ke6 42.Rxd7 Rxd7 43.Ra4 Rd4 44.g3 1/2-1/2

[Event "POL-chT3"]
[Site "Jastrzebia Gora POL"]
[Date "2016.09.09"]
[Round "7.79"]
[White "Markiewicz, Jerzy"]
[Black "Sapis, Witalis"]
[Result "0-1"]
[WhiteElo "2237"]
[BlackElo "2389"]
[EventDate "2016.09.02"]

1.e4 d5 2.exd5 Nf6 3.d4 Nxd5 4.Nf3 g6 5.c4 Nb6 6.h3 Bg7 7.Nc3 O-O 8.Be3 
Nc6 9.Qd2 e5 10.d5 Na5 11.b3 e4 12.Nd4 c5 13.dxc6 Nxc6 14.O-O-O Qe7 15.
Nxc6 bxc6 16.Bh6 Qa3+ 17.Kb1 e3 18.Bxe3 Bf5+ 19.Bd3 Nxc4 20.Qc2 Nxe3 21.
fxe3 Be6 22.Qc1 Qa5 23.Na4 Rab8 0-1

[Event "POL-chT3"]
[Site "Jastrzebia Gora POL"]
[Date "2016.09.09"]
[Round "7.80"]
[White "Karwowski, Kacper"]
[Black "Zaskalski, Arkadiusz"]
[Result "0-1"]
[WhiteElo "2245"]
[BlackElo "2142"]
[EventDate "2016.09.02"]

1.g3 c5 2.Bg2 Nc6 3.Nf3 g6 4.O-O Bg7 5.d3 d5 6.Nbd2 Nf6 7.e4 O-O 8.Re1 e5 
9.exd5 Nxd5 10.Ne4 b6 11.Nc3 Nxc3 12.bxc3 e4 13.Rxe4 Bxc3 14.Rb1 Bb7 15.
Bh6 Re8 16.Rxe8+ Qxe8 17.Ng5 Qe7 18.Ne4 Bg7 19.Qd2 Rd8 20.Re1 Bxh6 21.Qxh6
f5 22.Nf6+ Qxf6 23.Bd5+ Kh8 24.Re6 Qa1+ 25.Kg2 Qg7 26.Qxg7+ Kxg7 27.Bxc6 
Kf7 28.Rxg6 hxg6 29.Bxb7 c4 30.Ba6 c3 31.Kf3 Re8 32.a4 Kf6 33.h4 Re1 0-1

[Event "POL-chT3"]
[Site "Jastrzebia Gora POL"]
[Date "2016.09.09"]
[Round "7.81"]
[White "Augustyn, Sebastian"]
[Black "Rudnicki, Milosz"]
[Result "1-0"]
[WhiteElo "2116"]
[BlackElo "2199"]
[EventDate "2016.09.02"]

1.d4 Nf6 2.Nc3 d5 3.Bg5 h6 4.Bxf6 exf6 5.e4 Bb4 6.Bd3 dxe4 7.Bxe4 Qe7 8.
Qe2 O-O 9.Bf3 Bxc3+ 10.bxc3 Qa3 11.Qd2 Qb2 12.Rc1 Qxa2 13.Ne2 Nd7 14.O-O 
Nb6 15.Nf4 Qa5 16.Ra1 Qg5 17.g3 c6 18.h4 Qf5 19.Bg2 Nc4 20.Qe2 Nd6 21.Rfe1
a5 22.c4 Qd7 23.c5 Nb5 24.c3 Nxc3 25.Qc4 Nd5 26.Bxd5 cxd5 27.Nxd5 Ra6 28.
Ne7+ Kh8 29.d5 Re8 30.c6 Qd8 31.Nxc8 Rxe1+ 32.Rxe1 Qxc8 33.c7 Ra8 34.d6 a4
35.Qxf7 Kh7 36.Qe6 Qxe6 37.Rxe6 a3 38.Re1 a2 39.Ra1 b5 40.d7 1-0

[Event "POL-chT3"]
[Site "Jastrzebia Gora POL"]
[Date "2016.09.09"]
[Round "7.82"]
[White "Kowalski, Maciej"]
[Black "Markiewicz, Mateusz"]
[Result "1/2-1/2"]
[WhiteElo "2021"]
[BlackElo "2044"]
[EventDate "2016.09.02"]

1.d4 d6 2.Nf3 Nc6 3.Bf4 Nf6 4.h3 e6 5.Nbd2 d5 6.e3 Bd6 7.c3 Ne7 8.Bd3 Ng6 
9.Bg5 h6 10.Bxf6 Qxf6 11.O-O e5 12.Bxg6 fxg6 13.dxe5 Bxe5 14.e4 O-O 15.
exd5 g5 16.Nxe5 Qxe5 17.Nc4 Qf4 18.Ne3 Bd7 19.Qb3 Rae8 20.Rad1 Ba4 21.Qxb7
Bxd1 22.Nxd1 Qd2 23.Qxa7 Re1 24.Qd4 Qxd4 25.cxd4 Re2 26.g4 Kf7 27.Ne3 Ke8 
28.d6 cxd6 29.Nf5 Kd7 30.Nxg7 Rxb2 31.Nf5 Rxa2 32.Re1 Rf6 33.Kg2 Rd2 34.
Re7+ Kc6 35.Kg3 Rd3+ 36.Kg2 Kd5 37.Re8 Re6 38.Rf8 Rd2 39.Kg3 Rd3+ 40.Kg2 
Rd2 41.Kg3 Kc4 42.Rd8 Kd5 43.Rf8 Ke4 44.Ng7 Rg6 45.Nf5 Rd3+ 46.Kg2 Rxd4 
47.Nxd4 Kxd4 48.f4 gxf4 49.Kf3 d5 50.Kxf4 Re6 51.h4 Re4+ 52.Kf5 Ke3 53.Rd8
d4 54.g5 Rxh4 55.g6 Rf4+ 56.Ke6 Rg4 57.Kf7 1/2-1/2

[Event "POL-chT3"]
[Site "Jastrzebia Gora POL"]
[Date "2016.09.09"]
[Round "7.83"]
[White "Tatarczany, Piotr"]
[Black "Wacior, Maciej"]
[Result "1/2-1/2"]
[WhiteElo "1528"]
[BlackElo "1986"]
[EventDate "2016.09.02"]

1.d4 d5 2.Nf3 Nf6 3.c4 e6 4.Nc3 c6 5.cxd5 exd5 6.Bg5 Be7 7.e3 Bf5 8.h3 Qb6
9.Qc1 Na6 10.a3 h6 11.Bh4 O-O 12.Be2 Rfe8 13.O-O Ne4 14.Bxe7 Rxe7 15.b4 
Nxc3 16.Qxc3 Nc7 17.Ne5 Ne6 18.Bd3 Bxd3 19.Qxd3 Ng5 20.Rab1 Ne4 21.Rfc1 
Rd8 22.Qd1 g6 23.Qd3 Rde8 24.Re1 Qd8 25.Rbc1 Re6 26.Rc2 f5 27.Rf1 Qh4 28.
f4 Kh7 29.Qd1 Rg8 30.Qe1 Qf6 31.Nd7 Qe7 32.Ne5 g5 33.fxg5 Qxg5 34.Rf4 Nd6 
35.Qf2 Re7 36.Kh2 Reg7 37.Qf3 Qe7 38.Re2 Qg5 1/2-1/2

[Event "POL-chT3"]
[Site "Jastrzebia Gora POL"]
[Date "2016.09.09"]
[Round "7.84"]
[White "Antolak, Julia"]
[Black "Jalowiec, Halina"]
[Result "1/2-1/2"]
[WhiteElo "2133"]
[BlackElo "1932"]
[EventDate "2016.09.02"]

1.e4 e6 2.d4 d5 3.Nd2 c5 4.exd5 Qxd5 5.Ngf3 cxd4 6.Bc4 Qd6 7.O-O Nc6 8.Nb3
Nf6 9.Qe2 Be7 10.Rd1 O-O 11.Nbxd4 Rd8 12.Be3 Qc7 13.Nb5 Qb8 14.g3 Ng4 15.
Rxd8+ Bxd8 16.Bf4 e5 17.h3 Be7 18.Rd1 Kf8 19.Bg5 Nf6 20.Kh2 Bf5 21.Nc3 h6 
22.Bxf6 Bxf6 23.Nd5 Be7 24.Nxe7 Kxe7 25.Nh4 Qc8 26.Qd2 Kf8 27.Qd5 Be6 28.
Qd6+ Kg8 29.Bxe6 Qxe6 30.Qxe6 fxe6 31.Rd7 Rf8 32.Kg2 Rf7 33.Rxf7 Kxf7 34.
c3 e4 35.Kf1 Ne5 36.Ke2 Nd3 37.b3 Kf6 38.Ng2 Ke5 39.Ne1 Nc5 40.Ke3 Nd7 41.
Nc2 Nf6 42.c4 Ne8 43.Nd4 Nd6 44.g4 g6 45.c5 Nc8 46.Nb5 Ne7 47.Nxa7 Nd5+ 
48.Kd2 Nb4 49.a3 Nd3 50.c6 bxc6 51.Nxc6+ Kd6 52.Nd4 Nxf2 53.Ke3 Nxh3 54.a4
Ng5 55.b4 h5 56.gxh5 gxh5 57.a5 e5 58.Nf5+ Kc6 59.Ne7+ Kb5 60.Ng6 Ne6 61.
Kxe4 Kxb4 62.Kxe5 Kxa5 1/2-1/2

[Event "POL-chT3"]
[Site "Jastrzebia Gora POL"]
[Date "2016.09.09"]
[Round "7.85"]
[White "Dors, Ryszard"]
[Black "Maj, Pawel"]
[Result "1/2-1/2"]
[WhiteElo "2167"]
[BlackElo "2091"]
[EventDate "2016.09.02"]

1.Nf3 Nf6 2.c4 b6 3.g3 c5 4.Bg2 Bb7 5.O-O g6 6.b3 Bg7 7.Bb2 O-O 8.Nc3 d6 
9.d4 cxd4 10.Qxd4 Nbd7 11.Nd5 e6 12.Ne3 Qe7 13.Rfd1 Ne8 14.Qd2 Bxb2 15.
Qxb2 f5 16.Rac1 g5 17.Ne1 Bxg2 18.N3xg2 Ndf6 19.Qd2 h6 20.Qe3 Rc8 21.Nf3 
e5 22.Nfe1 Rf7 23.Qd3 f4 24.Qg6+ Rg7 25.Qf5 Rc7 26.e3 fxg3 27.hxg3 g4 28.
Nh4 Rg5 29.Qd3 e4 30.Qe2 Nd7 31.Neg2 Ne5 32.Nf4 Nf3+ 33.Kg2 Nf6 34.Qb2 
Nxh4+ 35.gxh4 Rf5 36.Rc2 Rd7 37.Rcd2 Nh5 38.Nd5 Qxh4 39.Rh1 Qg5 40.Rxh5 
Qxh5 41.Nf6+ Rxf6 42.Qxf6 Rf7 43.Qxd6 g3 44.fxg3 Qf3+ 45.Kh2 Kh7 46.Qe6 
Rg7 47.Qe5 Rf7 48.Qe6 Rg7 49.Qe5 Rf7 50.Qe6 1/2-1/2

[Event "POL-chT3"]
[Site "Jastrzebia Gora POL"]
[Date "2016.09.09"]
[Round "7.86"]
[White "Szymczak, Rafal"]
[Black "Janiszewski, Maciej"]
[Result "1/2-1/2"]
[WhiteElo "2007"]
[BlackElo "2129"]
[EventDate "2016.09.02"]

1.f4 d5 2.Nf3 c5 3.g3 h5 4.Bg2 h4 5.Nc3 h3 6.Bf1 d4 7.Ne4 Qd5 8.Nf2 Nf6 9.
c3 Nc6 10.d3 Bg4 11.Qb3 Bxf3 12.exf3 Qxf3 13.Be2 Qg2 14.c4 O-O-O 15.Bf1 
Qf3 16.Be2 Qg2 17.Bf1 Qf3 18.Be2 Qg2 19.Bf1 Qf3 20.Be2 Qg2 1/2-1/2

[Event "POL-chT3"]
[Site "Jastrzebia Gora POL"]
[Date "2016.09.09"]
[Round "7.87"]
[White "Sek, Joachim"]
[Black "Koziol, Pawel"]
[Result "1-0"]
[WhiteElo "2054"]
[BlackElo "1855"]
[EventDate "2016.09.02"]

1.e4 e5 2.Nf3 Nc6 3.Bb5 a6 4.Bxc6 dxc6 5.O-O Qf6 6.d3 Bg4 7.h3 Bxf3 8.Qxf3
Qxf3 9.gxf3 Bd6 10.f4 Ne7 11.fxe5 Bxe5 12.c3 Ng6 13.f4 Bf6 14.d4 O-O-O 15.
Be3 Rhe8 16.Nd2 Ne7 17.Rf3 g6 18.Bf2 Rd7 19.Nc4 b6 20.Rf1 Ng8 21.e5 Bd8 
22.Ne3 f5 23.Nc2 Be7 24.Rd1 Kb7 25.c4 Red8 26.Kf1 a5 27.Ke2 b5 28.b3 Ra8 
29.d5 cxd5 30.cxd5 Rad8 31.Rfd3 Ka6 32.e6 Rd6 33.Bc5 Nf6 34.Bxd6 Bxd6 35.
Rf1 Nh5 36.Rdf3 Kb6 37.Ne3 Kc5 38.Rc1+ Kb6 39.Ng2 Nf6 40.Rd3 Ne4 41.Kf3 
Nc5 42.Rdd1 a4 43.b4 Ne4 44.a3 Nf6 45.Rd4 Rg8 46.Re1 Be7 47.Ne3 Ne8 48.Rd3
Nd6 49.Nc2 Bh4 50.Re2 Bf6 51.Nd4 Nc4 52.e7 Re8 53.Re6+ 1-0

[Event "POL-chT3"]
[Site "Jastrzebia Gora POL"]
[Date "2016.09.09"]
[Round "7.88"]
[White "Milczarek, Robert"]
[Black "Pochcial, Jan"]
[Result "1/2-1/2"]
[WhiteElo "1740"]
[BlackElo "2009"]
[EventDate "2016.09.02"]

1.d4 Nf6 2.c4 e6 3.Nf3 b6 4.a3 Bb7 5.Nc3 Be7 6.d5 d6 7.e4 e5 8.Bd3 Nbd7 9.
O-O O-O 10.g3 a5 11.Nh4 Nc5 12.Bc2 Bc8 13.Ng2 Qd7 14.f3 c6 15.Ne3 Bb7 16.
dxc6 Bxc6 17.Ned5 Bxd5 18.exd5 Ne8 19.Be3 Qb7 20.f4 Bf6 21.Qh5 g6 22.Qg4 
exf4 23.Bxf4 Qd7 24.Qf3 Bg7 25.Rae1 Nc7 26.Bg5 Rae8 27.Bf6 Rxe1 28.Rxe1 
Re8 29.Rxe8+ Qxe8 30.Bxg7 Kxg7 31.Kf2 Qe5 32.Qe3 1/2-1/2

[Event "POL-chT3"]
[Site "Jastrzebia Gora POL"]
[Date "2016.09.09"]
[Round "7.89"]
[White "Matuszczyk, Krystian"]
[Black "Bartczak, Hanna"]
[Result "1-0"]
[WhiteElo "1853"]
[BlackElo "1521"]
[EventDate "2016.09.02"]

1.e4 d6 2.c4 e5 3.d4 Nc6 4.d5 Nce7 5.Nc3 Nf6 6.Be2 g6 7.Nf3 Bg7 8.O-O O-O 
9.h3 Ne8 10.Bg5 f5 11.exf5 Bxf5 12.Qd2 Nf6 13.Bh6 Bd7 14.Bxg7 Kxg7 15.g4 
Rf7 16.Ng5 Rf8 17.f4 exf4 18.Rxf4 h6 19.Rxf6 Rxf6 20.Nge4 Rf7 21.Qd4+ Kf8 
22.c5 Be8 23.cxd6 cxd6 24.Kg2 g5 25.Qb4 Rf4 26.Rf1 Rxf1 27.Kxf1 Qb6 28.
Qxd6 Qxd6 29.Nxd6 Rb8 30.a4 a6 31.Nde4 Ng6 32.Kf2 Nf4 33.Bf1 Rd8 34.d6 Bc6
35.Ke3 Ne6 36.b4 Kg7 37.Ng3 Nf4 38.Nf5+ Kh7 39.b5 axb5 40.axb5 Bd7 41.Ne4 
Bxf5 42.gxf5 Kg7 43.Kd4 b6 44.Bc4 Nxh3 45.Ke5 Nf4 46.Be6 Nd3+ 47.Kd4 Nb4 
48.Kc4 Nc2 49.d7 Na3+ 50.Kb4 Nc2+ 51.Kc4 Ne3+ 52.Kd4 Ng4 53.Kd5 Nf6+ 54.
Nxf6 Kxf6 55.Kd6 g4 56.Kc7 Rxd7+ 57.Bxd7 g3 58.Bc6 h5 59.Kxb6 h4 60.Bg2 
Kxf5 61.Kc7 Kf4 62.b6 Ke3 63.b7 Kf2 64.Bh3 g2 65.Bxg2 Kxg2 66.b8=Q h3 67.
Qb2+ Kh1 68.Qf2 h2 69.Qf1# 1-0

[Event "POL-chT3"]
[Site "Jastrzebia Gora POL"]
[Date "2016.09.09"]
[Round "7.90"]
[White "Baranska, Monika"]
[Black "Gorczyca, Aleksandra"]
[Result "1/2-1/2"]
[WhiteElo "1780"]
[BlackElo "2106"]
[EventDate "2016.09.02"]

1.d4 d5 2.c4 c6 3.Nc3 Nf6 4.e3 e6 5.Nf3 Bd6 6.Bd3 Nbd7 7.O-O O-O 8.cxd5 
exd5 9.Qc2 Re8 10.e4 dxe4 11.Nxe4 Nxe4 12.Bxe4 h6 13.Be3 Nf6 14.Bf5 Nd5 
15.Bxc8 Rxc8 16.Rae1 Qf6 17.Nd2 Re7 18.Nc4 Bc7 19.Qd2 Rce8 20.h3 Qg6 21.
Qc1 Re4 22.Bd2 b5 23.Na3 Qd6 24.g3 Qd7 25.Kg2 Nf6 26.Nc2 a5 27.Re3 Qd5 28.
Kh2 Qxa2 29.Rfe1 Qd5 30.Qa1 Rxe3 31.Rxe3 Rxe3 32.Bxe3 Qc4 33.Qd1 Qb3 34.
Qc1 Nd5 35.Na1 Qa2 36.Qxc6 Qxa1 37.Qe8+ Kh7 38.Qe4+ Kg8 39.Qe8+ Kh7 40.
Qe4+ Kh8 41.Qe8+ Kh7 1/2-1/2

[Event "POL-chT3"]
[Site "Jastrzebia Gora POL"]
[Date "2016.09.09"]
[Round "7.91"]
[White "Cajbel, Maciej"]
[Black "Gierulski, Kamil"]
[Result "1/2-1/2"]
[WhiteElo "2198"]
[BlackElo "2196"]
[EventDate "2016.09.02"]

1.e4 c5 2.Nc3 d6 3.Nge2 Nf6 4.g3 e5 5.Bg2 Nc6 6.d3 Be6 7.O-O Nd4 8.f4 Be7 
9.h3 h5 10.f5 Bd7 11.Bg5 Bc6 12.Bxf6 Bxf6 13.Nd5 Bxd5 14.exd5 h4 15.g4 
Nxe2+ 16.Qxe2 Qb6 17.c3 Bg5 18.Kh1 f6 19.Qc2 Kf7 20.Qb3 Qc7 21.a4 a5 22.
Ra3 Rhb8 23.Qb5 Qe7 24.Rb3 Qd7 25.Ra1 Ra7 26.Qb6 Ra6 27.Qb5 Qc7 28.Be4 Be3
29.Qc4 Qd8 30.Re1 Bg5 31.Rb5 1/2-1/2